000 00721cam a2200277 4500
008 090401t1996 xxu||||| |||| 00| 0 eng d
020 _a0859514005
035 _a(Sirsi) u41257
041 _aeng
050 _a615.925756
100 _aLomas, P.R.
245 _aRadon atlas of England.
260 _aChilton, Oxon.
_bNRPB
_c1996
300 _a16p. : ill.,maps ; 30cm.
350 _a10
490 _aNRPB
_vR290 Reports
650 _aATLASES
650 _aRADON ATLAS
690 _aENVIRONMENTAL AND LAND CONSULTANCY
700 _aGreen, B. M. R.
700 _aMiles, J. C. H.
700 _aKendall, G.M.
710 _aNational Radiological Protection Board
_9241
942 _n0
948 _c04/03/1997
999 _c90914
_d90914